Judo - Champions du monde 2025 - Statistiques

Statistiques générales
  • Ce quiz a été pris 141 fois
    130 depuis la dernière actualisation
  • Le résultat moyen est 5 sur 15
Statistiques - réponses
Catégorie Réponse % Correct
-73kg Joan-Benjamin GABA
87%
-52kg Uta ABE
74%
Équipe Géorgie
51%
+100kg Inal TASOEV
44%
-60kg Ryuju NAGAYAMA
37%
-81kg Timur ARBUZOV
34%
-90kg Sanshiro MURAO
32%
-66kg Takeshi TAKEOKA
31%
-48kg Assunta SCUTTO
23%
-78kg Alice BELLANDI
22%
+78kg Hayun KIM
21%
-57kg Eteri LIPARTELIANI
20%
-70kg Shiho TANAKA
13%
-100kg Matvey KANIKOVSKIY
8%
-63kg Haruka KAJU
4%
Aucun quiz correspondant
Distribution des résultats
% des personnes avec chaque résultat
Percentile par nombre de réponses
Votre historique - résultats
Vous n’avez pas pris ce quiz depuis la dernière actualisation